French Empire at its maximum extent 1948 - Statistics

General Stats
  • This quiz has been taken 17 times
    6 since last reset
  • The average score is 21 of 26
Answers on the Map
Answers color-coded by a green-red scale on the quiz's map according to % correct below.
 
Answer Stats
Answer % Correct
France
100%
Algeria
83%
Benin
83%
Burkina Faso
83%
Cambodia
83%
Cameroon
83%
Central African Republic
83%
Chad
83%
Gabon
83%
Germany
83%
Guinea
83%
Ivory Coast
83%
Laos
83%
Madagascar
83%
Mali
83%
Mauritania
83%
Morocco
83%
Niger
83%
Republic of the Congo
83%
Senegal
83%
Tunisia
83%
Vietnam
83%
Comoros
67%
Djibouti
67%
Lebanon
50%
Syria
50%
No matching quizzes found
Score Distribution
Percent of People with Each Score
Percentile by Number Answered
Your Score History
You have not taken this quiz since the last reset